01867nam a2200385Ia 4500001001200000003000800012006001900020007001500039008004100054010001700095020001500112040002100127035002000148050002400168110011500192245036300307260005700670300001500727500002900742504004100771530005100812533015200863650002701015650004301042650003801085650005701123650004601180655002901226700002201255700002401277700001801301710001701319856012601336999001901462ebr10038582CaPaEBRm u cr cn|||||||||030326s2003 dcu sb 000 0 eng d z 2003101593 z0309087368 aCaPaEBRcCaPaEBR a(OCoLC)6239196814aHV6432b.N38 2003eb2 aNational Research Council (U.S.).bCommittee on the Role of Information Technology in Responding to Terrorism.10aInformation technology for counterterrorismh[electronic resource] :bimmediate actions and future possibilities /cCommittee on the Role of Information Technology in Responding to Terrorism, Computer Science and Telecommunications Board, National Research Council of the National Academies; John L. Hennessy, David A. Patterson, and Herbert S. Lin, editors. aWashington, D.C. :bNational Academies Press,c2003. axv, 128 p. aChairman: John Hennessy. aIncludes bibliographical references. aAlso issued electronically via World Wide Web. aElectronic reproduction.bPalo Alto, Calif. :cebrary,d2013.nAvailable via World Wide Web.nAccess may be limited to ebrary affiliated libraries. 0aTerrorismxPrevention. 0aInformation technologyzUnited States. 0aComputer securityzUnited States. 0aComputer networksxSecurity measureszUnited States. 0aTelecommunication systemszUnited States. 7aElectronic books.2local1 aHennessy, John L.1 aPatterson, David A.1 aLin, Herbert.2 aebrary, Inc.40uhttp://site.ebrary.com/lib/rucke/Doc?id=10038582zAn electronic book accessible through the World Wide Web; click to view c164352d164352